000 01269nab a2200217 i 4500
001 768714001
003 CO-MdFUSB
005 20260316102147.0
008 230508s1993 us ||||| |||| 00| 0 eng d
040 _bspa
_aCO-MdFUSB
_cCO-MdFUSB
_dCO-MdFUSB
041 _aeng
100 _aBonaventura,
_d1221-1274
_eautor
245 1 _aTests of a leader's character
_b: spiritual direction for today from a thirteenth-century saint
_c/ Bonaventure
300 _aVolumen 14, número 4 (Fall 1993), páginas 38 - 42
_c; 27 cm
520 _aLos líderes cristianos a lo largo de la historia han encontrado su carácter probado. ¿Cómo puedo responder a una comunidad dividida o a aquellos que se oponen? ¿Qué tan estricto se debe ser con aquellos en cuidado? ¿Cuándo se debe corregir y cuando se debería abstenerse? Bonaventure (1256) en plena época monástica identifica seis virtudes esenciales para un líder cristiano que tituló: “Las seis alas del serafín”, el tratado del que se ha extraído este artículo.
546 _aTexto en Inglés
650 0 _951
_aVida espiritual
773 0 _068780
_981953
_oR2466
_tLeadership :
_w(CO-MdFUSB)768714001
_gVolumen 14, número 4 (Fall 1993), páginas 38 - 42
_qpágina 38
942 _cANA
945 _aJTF-925
999 _c68864
_d68864